Metodología de análisis para la evaluación del impacto de transferencias de concesiones y asignaciones de espectro sobre las condiciones de competencia en los servicios públicos de telecomunicaciones (Registro nro. 9639)

Detalles MARC
000 -Cabecera
Campo de control interno 00622nam a2200181Ia 4500
005 - Fecha y hora del registro
control field 20260306161733.0
008 - Elementos de Longitud Fija
fixed length control field 260306t2007||||xx |||||||||||||| ||spa||
041 ## - Idioma
Codigo Idioma ESP
082 ## - DEWEY y NOTACIÓN INTERNA
Dewey 384.04
Notación Interna O78
100 ## - AUTOR
Autor denominación Gerencia de Relaciones Empresariales OSIPTEL
Término de relación autor
245 #0 - TÍTULO DE MATERIAL BIBLIOGRÁFICO
Título Metodología de análisis para la evaluación del impacto de transferencias de concesiones y asignaciones de espectro sobre las condiciones de competencia en los servicios públicos de telecomunicaciones
260 ## - CIUDAD, EDITORIAL, AÑO
Año 2007
300 ## - DESCRIPCIÓN
N° Páginas 50 páginas :
Dimensiones 23 cm.
650 ## - TEMAS
Temas Generalidades
654 ## - PROGRAMAS
Programa Dpto. de Administración de Negocios
942 ## - ELEMENTOS DE KOHA
Tipo de documento Libro
Nombre del creador Justo Noguera
Código de catalogador Justo Noguera
Esquema de clasificación Dewey Decimal Classification
Suppress in OPAC
Existencias
Codigo completo Registro Colección Copia número Disponibilidad Tipo de préstamo Biblioteca Actual Procedencia (Biblioteca) Ubicacón Fecha Ingreso Tipo de Adquisición Date last seen Total checkouts Price effective from Tipo de Item Estado del Material Fuente de Clasificación Damaged status Withdrawn status
384.04 O78 1003803 Universidad Católica San Pablo 1 Disponible Disponible Víctor Andrés Belaunde Víctor Andrés Belaunde Planta baja abierta 03/06/2026 Donación 06/03/2026   06/03/2026 Libro Bueno Dewey Decimal Classification